Hockly's insolvency law / (Record no. 9212)
[ view plain ]
| 000 -LEADER | |
|---|---|
| fixed length control field | 01190cam a2200361 a 4500 |
| 001 - CONTROL NUMBER | |
| control field | 16042834 |
| 003 - CONTROL NUMBER IDENTIFIER | |
| control field | KTL1885 SHA 2006 |
| 005 - DATE AND TIME OF LATEST TRANSACTION | |
| control field | 20210608095740.0 |
| 008 - FIXED-LENGTH DATA ELEMENTS--GENERAL INFORMATION | |
| fixed length control field | 100106s2006 sa 001 0 eng |
| 010 ## - LIBRARY OF CONGRESS CONTROL NUMBER | |
| LC control number | 2009404588 |
| 020 ## - INTERNATIONAL STANDARD BOOK NUMBER | |
| International Standard Book Number | 0702173010 (pbk.) |
| 020 ## - INTERNATIONAL STANDARD BOOK NUMBER | |
| International Standard Book Number | 9780702173011 (pbk.) |
| 040 ## - CATALOGING SOURCE | |
| Original cataloging agency | DLC |
| Transcribing agency | DLC |
| 043 ## - GEOGRAPHIC AREA CODE | |
| Geographic area code | f-sa--- |
| 050 00 - LIBRARY OF CONGRESS CALL NUMBER | |
| Classification number | KTL1885 |
| Item number | .D43 2006 |
| 100 1# - MAIN ENTRY--PERSONAL NAME | |
| Personal name | Sharrock, Robert. |
| 245 10 - TITLE STATEMENT | |
| Title | Hockly's insolvency law / |
| Statement of responsibility, etc. | Robert Sharrock, Kathleen van der Linde, Alastair Smith. |
| 246 30 - VARYING FORM OF TITLE | |
| Title proper/short title | Insolvency law |
| 250 ## - EDITION STATEMENT | |
| Edition statement | 8th ed. |
| 260 ## - PUBLICATION, DISTRIBUTION, ETC. | |
| Place of publication, distribution, etc. | Cape Town : |
| Name of publisher, distributor, etc. | Juta, |
| Date of publication, distribution, etc. | 2006. |
| 300 ## - PHYSICAL DESCRIPTION | |
| Extent | xlviii, 416 p. ; |
| Dimensions | 25 cm. |
| 500 ## - GENERAL NOTE | |
| General note | Includes index. |
| 600 ## - SUBJECT ADDED ENTRY--PERSONAL NAME | |
| Source of heading or term | Insolvancy law |
| 650 #0 - SUBJECT ADDED ENTRY--TOPICAL TERM | |
| Topical term or geographic name entry element | Bankruptcy |
| Geographic subdivision | South Africa. |
| 650 #0 - SUBJECT ADDED ENTRY--TOPICAL TERM | |
| Topical term or geographic name entry element | Composition (Law) |
| Geographic subdivision | South Africa. |
| 650 #0 - SUBJECT ADDED ENTRY--TOPICAL TERM | |
| Topical term or geographic name entry element | Liquidation |
| Geographic subdivision | South Africa. |
| 700 1# - ADDED ENTRY--PERSONAL NAME | |
| Personal name | Van der Linde, Kathleen. |
| 700 1# - ADDED ENTRY--PERSONAL NAME | |
| Personal name | Smith, Alastair, |
| Dates associated with a name | 1957- |
| 700 1# - ADDED ENTRY--PERSONAL NAME | |
| Personal name | Hockly, Harold Edward, |
| Dates associated with a name | 1897- |
| 906 ## - LOCAL DATA ELEMENT F, LDF (RLIN) | |
| a | 7 |
| b | cbc |
| c | origres |
| d | 3 |
| e | ncip |
| f | 20 |
| g | y-gencatlg |
| 942 ## - ADDED ENTRY ELEMENTS (KOHA) | |
| Source of classification or shelving scheme | Library of Congress Classification |
| Koha item type | Books |
| Edition | 8th |
| Classification part | 1885 |
| Item part | SHA |
| Call number prefix | KTL |
| Withdrawn status | Lost status | Damaged status | Not for loan | Collection code | Home library | Current library | Shelving location | Date acquired | Inventory number | Total Checkouts | Full call number | Barcode | Date last seen | Copy number | Price effective from | Koha item type |
|---|---|---|---|---|---|---|---|---|---|---|---|---|---|---|---|---|
| Non-fiction | Law Library | Law Library | General Stacks | 06/08/2021 | 17818 | KTL1885 SHA 2006 | 004756 | 06/08/2021 | C.1 | 06/08/2021 | Books |